| 000 | 00605nam a2200181Ia 4500 | ||
|---|---|---|---|
| 001 | 17293 | ||
| 005 | 20260306171507.0 | ||
| 008 | 260306s9999||||xx |||||||||||||| ||und|| | ||
| 041 | _aESP | ||
| 082 |
_a657.61 _bI61BR 2018 |
||
| 100 |
_aInternational Financial Reporting Standards _eAUT |
||
| 245 | 0 |
_aLas normas NIIF ilustradas parte B: _bnormas requeridas para los periodos contables que comiencen a partir del 1 de enero de 2018, excluyendo los cambios no requeridos todavía |
|
| 260 | _c2018 | ||
| 300 |
_aB940 páginas : _c25 cm. |
||
| 650 | _aGEN | ||
| 654 | _aCCO | ||
| 942 |
_cLIB _dJUS _fJUS _2ddc _n |
||
| 999 |
_c17293 _d17293 |
||